000 00290nam a2200121Ia 4500
008 151001s9999||||xx |||||||||||||| ||und||
100 _a राणू
245 _aसिसकती धारा
250 _a1
260 _bडायमंड
300 _a205
365 _b18
999 _c968611
_d968608